LDR 00878naa#a2200157#i#450# 001 RU\\bibl\20191 005 20260701224618.3 100 ## _a20260630b2026####ek#y0rusy0150####ca 102 ## _aRU 200 1# _aРАЗРАБОТКА ИС ДЛЯ ОПТИМИЗАЦИИ РАСПИСАНИЯ РАБОТЫ ДИАГНОСТИЧЕСКОГО ОБОРУДОВАНИЯ И ПЕРСОНАЛА В ПОЛИКЛИНИКЕ _eСтатья/тезисы конференции 210 1# _aВоронеж _cВоронежский государственный лесотехнический университет имени Г.Ф. Морозова _d2026 215 ## _a6 с. 608 ## _aСтатья/тезисы конференции _2local 675 ## _aПрикладные информационные (компьютерные) технологии. 004.9 _z 700 #1 _aКосых _gВ. Д. 856 4# _abibl.vgltu.ru _u